Reseña de arquitectura mexicana : 1995 /
Monografías sobre las obras arquitectónicas contemporáneas realizadas en México durante 1995, por algunos de los arquitectos más destacados del país. La obra está dividida por tipo/uso de edificios, e incluye: vivienda y conjuntos habitacionales, tursimo, salud, arquitectura del paisaje, corporativo...
Gespeichert in:
| Weitere Verfasser: | |
|---|---|
| Format: | Buch |
| Sprache: | Spanisch |
| Schlagworte: | |
| Tags: |
Keine Tags, Fügen Sie das erste Tag hinzu!
|
MARC
| LEADER | 00000nam^a2200000^a^4500 | ||
|---|---|---|---|
| 001 | 000184887 | ||
| 005 | 20250521000000.0 | ||
| 009 | 20260310102130.483 | ||
| 037 | |a Acervo ITESO - Biblioteca | ||
| 041 | |a ESP | ||
| 082 | |a 720. 972 |b RES 1995 | ||
| 240 | 1 | 1 | |a [Reseña de arquitectura mexicana] |
| 245 | 1 | 0 | |a Reseña de arquitectura mexicana : |b 1995 / |c Presen. de M. Rivero Borrell. |
| 264 | |a México : |b Fundación Casa del Arquitecto, |c 1995 | ||
| 300 | |a 279 p. | ||
| 336 | |a texto |b txt |2 rdacontenido | ||
| 337 | |a sin mediación |b n |2 rdamedio | ||
| 338 | |a volumen |b nc |2 rdasoporte | ||
| 520 | |a Monografías sobre las obras arquitectónicas contemporáneas realizadas en México durante 1995, por algunos de los arquitectos más destacados del país. La obra está dividida por tipo/uso de edificios, e incluye: vivienda y conjuntos habitacionales, tursimo, salud, arquitectura del paisaje, corporativos, educación y ciencia, edificios religiosos, arquitectura de interior, arquitectura comercial, servicios urbanos y restauración. De cada obra se presentan comentarios del artista, así como planos, fotografías y la ficha técnica de la construcción. | ||
| 546 | |a Edición bilingüe español-inglés | ||
| 649 | |a XX | ||
| 650 | |a Vivienda de Interés Social - |z México | ||
| 650 | |a Departamentos - |z México | ||
| 650 | |a Oficinas Empresariales - |z México | ||
| 650 | |a Hoteles - |z México | ||
| 650 | |a Escuelas - |z México | ||
| 650 | |a Hospitales - |z México | ||
| 650 | |a Museos y Galerías - |z México | ||
| 650 | |a Arquitectura Religiosa - |z México | ||
| 650 | |a Arquitectura del Paisaje - |z México | ||
| 650 | |a Arquitectura Moderna | ||
| 650 | |a Arquitectura Mexicana - |y 1990-1999 | ||
| 650 | |a Arquitectura Mexicana - |y Siglo XX | ||
| 650 | |a Arquitectura Mexicana - |x Historia y Crítica | ||
| 650 | |a Arte Moderno | ||
| 650 | |a Arte Mexicano - |y 1990-1999 | ||
| 650 | |a Arte Mexicano - |y Siglo XX | ||
| 650 | |a Arte Mexicano - |x Historia y Crítica | ||
| 700 | |a Rivero Borrell, Mauricio |e (presentación) | ||
| 910 | |a Fondo Julio de la Peña Lomelín | ||
| 920 | |a Impresos - Libros | ||
| 930 | |a Arquitectos Jaliscienses | ||
| 905 | |a 115 | ||
| 901 | |a 0500125846 |b IT1 |c JAL |u 20250521 | ||
| 902 | |a https://opac.biblio.iteso.mx/vufind/Record/000184887 | ||